La persécution du christianisme dans l'Empire romain /

محفوظ في:

المؤلف الرئيسي: Moreau, Jacques, 1918-1961 (مؤلف)

التنسيق: كتاب

اللغة: French

منشور في: Paris : Presses universitaires de France, 1956.

الطبعة: 1st ed.

سلاسل: Mythes et religions ; 32.

الموضوعات:

الوسوم: إضافة وسم

لا توجد وسوم, كن أول من يضع وسما على هذه التسجيلة!

رقم الطلب: BR1604 .M6 1956

LEADER 00785nam a2200253I 4500
001 9182
003 OSt
005 20251015065218.0
008 130303s1956 fr b 000 0 fre d
010 |a a 58000493 
040 |c ARCE Library 
050 4 |a BR1604 .M6 1956 
100 1 |a Moreau, Jacques,  |d 1918-1961,  |e author  |9 36202 
245 1 3 |a La persécution du christianisme dans l'Empire romain /   |c Jacques Moreau. 
250 |a 1st ed. 
264 1 |a Paris :  |b Presses universitaires de France,  |c 1956. 
300 |a 141 pages ;   |c 19 cm. 
490 1 |a Mythes et religions ;   |v 32. 
504 |a Bibliography : pages [139]-141. 
650 0 |a Persecution  |x History  |y Early church, ca. 30-600. 
830 0 |a Mythes et religions ;   |v 32. 
901 |a reviewed 
942 |c BK  |2 lcc 
999 |c 11767  |d 11767